00608 2200253 4500001002100000005001700021008004100038020001800079035002400097082000800121090001500129100001200144245004600156250001100202260002500213300001900238650001900257850001200276980001500288985000600303999001500309999001500324999001500339YOGYA-0209000005966720090227034659.0 ind  a979-431-117-0 0010-020900000059667 a428 a428bSub B aSUBANDI aBahasa Inggris untuk para pelautcSubandi acet. 4 aJakartabArcanc1992 a191 hlmc21 cm aBahasa Inggris aYOPDYOG a28-08-2008 a3 a93P0041283 a94P0052298 a95P0065380